Países mais próximos de Santa Lúcia - Statistics

Estatísticas Gerais
  • Esse quiz foi jogado 84 vezes
  • A pontuação média é 15 de 20
Estatísticas das Respostas
km país % Correto
1554 Cuba
96%
42 São Vicente e Granadinas
92%
375 São Cristóvão e Nevis
89%
267 Trinidad e Tobago
88%
673 Venezuela
88%
141 Granada
87%
585 Guiana
87%
961 Suriname
87%
942 Haiti
86%
930 República Dominicana
86%
1676 Jamaica
84%
942 Brasil
83%
129 Dominica
83%
1503 Bahamas
82%
1105 Colômbia
80%
333 Antígua e Barbuda
79%
145 Barbados
79%
854 Curaçao
26%
965 Aruba
21%
488 Sint Maarten
1%
Nenhum quiz correspondente encontrado
Distribuição das Pontuações
Porcentagem de Pessoas com Cada Pontuação
Percentil de Números Respondidos
Sua Pontuação Histórica
Você não jogou esse quiz